000 00603cam a22002053a 4500
001 45030
003 PGUSA
005 20140828084028.0
008 140227s2014||||xxu|||||s|||||000 | eng d
040 _aPGUSA
_beng
042 _adc
100 1 _aFletcher, Horace
245 1 0 _aA.B.C. of Snap Shooting :
_bSporting, Exhibition, and Military
_h[electronic resource] /
_cHorace Fletcher
260 _bProject Gutenberg,
_c2014
506 _aPublic domain in the USA.
516 _aElectronic text
830 0 _aProject Gutenberg
_v45030
856 4 0 _uhttp://www.gutenberg.org/ebooks/45030
942 _cEB
999 _c274281
_d274281